La conflictivitat competencial : les bases del règim estatutari dels funcionaris públics / Joan Manuel Trayter i Jiménez les bases del règim estatutari dels funcionaris públics / Joan Manuel Trayter i Jiménez
Descripción Física:
137 p. , 24 cm
Colección:
Col·lecció estudis ; 17
Otros Autores:
Institut d'Estudis Autonòmics (Catalunya)
MARC
| LEADER | 00000nam a2200000Ia 4500 | ||
|---|---|---|---|
| 001 | 10530 | ||
| 008 | 160829s1993 xx 000 0 cat d | ||
| 080 | |a D-1-29 | ||
| 100 | |a Trayter Jiménez, Joan Manuel |9 35882 | ||
| 245 | |a La conflictivitat competencial : |b les bases del règim estatutari dels funcionaris públics / Joan Manuel Trayter i Jiménez | ||
| 260 | |a Barcelona : |b Generalitat de Catalunya, Institut d'Estudis Autonòmics, |c 1993 | ||
| 300 | |a 137 p. , 24 cm | ||
| 490 | |a Col·lecció estudis ; 17 | ||
| 650 | |a Competència (Dret) |x Espanya |x Comunitats Autònomes |9 35883 | ||
| 650 | 0 | |a Funció pública |x Dret i legislació |x Espanya |9 42023 | |
| 700 | |a Institut d'Estudis Autonòmics (Catalunya) |9 11016 | ||
| 710 | 1 | |a Catalunya. |b Generalitat |9 12125 | |
| 901 | |a Arxiu | ||
| 942 | |n 1 | ||
| 952 | |0 0 |1 0 |4 0 |6 D129 |7 1 |9 47110 |a Arxiu |b Arxiu |d 2016-12-01 |l 0 |o D-1-29 |p 10530 |r 2016-12-01 00:00:00 |w 2016-12-01 |y ARXIU | ||
| 999 | |c 50905 |d 50905 | ||